000 00713nam a22002417a 4500
003 UA-OsUOA
001 46217
007 ta
008 20070611b un ||||| |||| 00| 0 ukr d
100 _aСвитко Е.
090 _a244
_bС24
942 _cBK
040 _aUA-OsUOA
_brus
_cUA-OsUOA
_dUA-OsUOA
245 _aАрхангельская седмица. Кнага ангельских знаков
_bМетодика рабооты с духовными помощниками
300 _a152 с.
955 _a4
041 _arus
080 _a244
020 _a966-521-001-7
260 _aК.
_bНика-центр
_c2005
650 7 _a2 Релігія. Теологія.
_2UDC
999 _c332314
_d332314